|
|
|
|
| LEADER |
01128nam a2200277 a 4500 |
| 001 |
12384649 |
| 003 |
BD-DhAAL |
| 008 |
090720s2002 mauab b 001 0 eng d |
| 010 |
|
|
|a 2001031475
|
| 020 |
|
|
|a 0072426594 (alk. paper)
|
| 040 |
|
|
|a DLC
|c DLC
|d DLC
|
| 050 |
0 |
0 |
|a GN316
|b .K64 2002
|
| 082 |
0 |
0 |
|a 306
|2 21
|
| 100 |
1 |
|
|a Kottak, Conrad Phillip.
|
| 245 |
1 |
0 |
|a Cultural anthropology /
|c Conrad Phillip Kottak.
|
| 250 |
|
|
|a Ninth edition.
|
| 260 |
|
|
|a Boston :
|b McGraw-Hill,
|c c2002.
|
| 300 |
|
|
|a xxix, 541 pages :
|b ill. (some col.), col. maps ;
|c 26 cm.
|
| 504 |
|
|
|a Includes bibliographical references (p. 469-510) and indexes.
|
| 526 |
|
|
|x Salim khan
Sr. program Associate
James P. Grant School.
Course name and no. N/A
|
| 541 |
1 |
|
|a Book view
|e 00018403
|
| 650 |
|
0 |
|a Ethnology.
|
| 852 |
4 |
|
|a School of Public Health.
|
| 942 |
|
|
|2 ddc
|c BK
|
| 999 |
|
|
|c 2543
|d 2543
|
| 952 |
|
|
|0 0
|1 0
|2 ddc
|4 0
|6 306_000000000000000_KOT
|7 0
|9 2317
|a JPGSPH
|b JPGSPH
|d 2009-04-28
|e Book View
|g 2250.00
|l 0
|o 306 KOT
|p 3060018403
|r 2009-07-21
|t 1
|w 2009-07-21
|y BK
|x Requisitioned by Salim khan, Sr. program Associate, James P. Grant School. Course name and no. N/A
|